Statystyki dla Szpaku - piosenki

Kliknij tutaj aby rozwiązać quiz!

Ogólne statystyki

  • Ten quiz został rozwiązany 1 010 razy
  • Średni wynik to 10 z 20

Statystyki odpowiedzi

WyświetleniaNazwa piosenki% Poprawnych
32 mlnHinata
90%
27,5 mlnUfo
76%
10,5 mlnAlicja
75%
27 mlnOddajemy krew wampirom
73%
25 mlnBajka
67%
9,2 mlnJa yeti
62%
14,9 mlnSzlam
62%
16 mlnW krainie czarów
60%
14,4 mlnZombie
59%
11,9 mlnLavender town
55%
22 mlnMinimini
55%
10,9 mlnBoruto
49%
34 mlnKontrola jakości
48%
27,2 mlnNinja
43%
11,9 mlnKról lew
39%
21 mlnBól
35%
7,9 mlnŻółwie ninja
33%
17 mlnSicario
18%
11 mlnWybory
18%
8,2 mlnNiech to usłyszą
10%

Rozkład punktacji

Percentyl według liczby udzielonych odpowiedzi

Procent ludzi z każdym wynikiem

Twoja historia wyników

Nie rozwiązałeś tego quizu